01325nam a2200325Ia 4500001001200000003000800012006001900020007001500039008004100054020001800095020001800113020001800131040002100149035002100170050002600191100002000217245016200237260006200399300001000461490003400471504004100505533015200546650003700698650003500735650004000770655002900810710001700839856012600856999001700982ebr10566413CaPaEBRm u cr cn|||||||||121101s2012 dcu sb 000 0 eng d z9781475502879 z9781475554274 z9781475582482 aCaPaEBRcCaPaEBR a(OCoLC)78556040914aHG4515.2b.K47 2012eb1 aKhramov, Vadim.10aAsymmetric effects of the financial crisish[electronic resource] :bcollateral-based investment-cash flow sensitivity analysis /cprepared by Vadim Khramov. a[Washington, D.C.] :bInternational Monetary Fund,c2012. a27 p.0 aIMF working paper ;vWP/12/97 aIncludes bibliographical references. aElectronic reproduction.bPalo Alto, Calif. :cebrary,d2013.nAvailable via World Wide Web.nAccess may be limited to ebrary affiliated libraries. 0aInvestmentsxEconometric models. 0aCash flowxEconometric models. 0aGlobal Financial Crisis, 2008-2009. 7aElectronic books.2local2 aebrary, Inc.40uhttp://site.ebrary.com/lib/rucke/Doc?id=10566413zAn electronic book accessible through the World Wide Web; click to view c92801d92801